Building and Enhancing New Literacies Across the Curriculum (Record no. 88154)
[ view plain ]
| 000 -LEADER | |
|---|---|
| fixed length control field | 00693nam a22002417a 4500 |
| 003 - CONTROL NUMBER IDENTIFIER | |
| control field | URS |
| 005 - DATE AND TIME OF LATEST TRANSACTION | |
| control field | 20251022142523.0 |
| 008 - FIXED-LENGTH DATA ELEMENTS--GENERAL INFORMATION | |
| fixed length control field | 250929b ||||| |||| 00| 0 eng d |
| 020 ## - INTERNATIONAL STANDARD BOOK NUMBER | |
| International Standard Book Number | 978-621409-247-5 |
| 040 ## - CATALOGING SOURCE | |
| Transcribing agency | URS |
| 050 ## - LIBRARY OF CONGRESS CALL NUMBER | |
| Classification number | LC149 |
| Item number | .Sa126 2024 |
| 100 1# - MAIN ENTRY--PERSONAL NAME | |
| Personal name | Sadorra, Bryan Eli B., |
| 245 ## - TITLE STATEMENT | |
| Title | Building and Enhancing New Literacies Across the Curriculum |
| 264 ## - PRODUCTION, PUBLICATION, DISTRIBUTION, MANUFACTURE, AND COPYRIGHT NOTICE | |
| Place of production, publication, distribution, manufacture | Mandaluyong City |
| Name of producer, publisher, distributor, manufacturer | Books Atbp. Publishing Corp. |
| Date of production, publication, distribution, manufacture, or copyright notice | ©2024 |
| 300 ## - PHYSICAL DESCRIPTION | |
| Extent | 160 pages.,: |
| Dimensions | 25 cm. |
| 336 ## - CONTENT TYPE | |
| Source | rdacontent |
| Content type term | text |
| 337 ## - MEDIA TYPE | |
| Source | rdamedia |
| Media type term | unmediated |
| 338 ## - CARRIER TYPE | |
| Source | rdacarrier |
| Carrier type term | volume |
| 650 #0 - SUBJECT ADDED ENTRY--TOPICAL TERM | |
| Topical term or geographic name entry element | Literacy |
| 700 ## - ADDED ENTRY--PERSONAL NAME | |
| Personal name | Fernando, Madeline T. |
| 700 ## - ADDED ENTRY--PERSONAL NAME | |
| Personal name | Gaoat, Gina Sylvia S. |
| 942 ## - ADDED ENTRY ELEMENTS (KOHA) | |
| Source of classification or shelving scheme | Library of Congress Classification |
| Koha item type | Filipiniana |
| Withdrawn status | Source of classification or shelving scheme | Damaged status | Not for loan | Collection code | Home library | Current library | Date acquired | Total Checkouts | Full call number | Barcode | Date last seen | Copy number | Price effective from | Koha item type | Shelving location |
|---|---|---|---|---|---|---|---|---|---|---|---|---|---|---|---|
| Library of Congress Classification | Non-fiction | Cainta College Library | Cainta College Library | 03/11/2026 | LB 2006.15.Sa158 2024 | URSCAI-5613 | 03/11/2026 | 03/11/2026 | Filipiniana | Filipiniana Section | |||||
| Library of Congress Classification | Non-fiction | Cainta College Library | Cainta College Library | 03/11/2026 | LB 2006.15.Sa158 2024 | URSCAI-5614 | 03/11/2026 | 03/11/2026 | Filipiniana | Filipiniana Section | |||||
| Library of Congress Classification | Non-fiction | Morong College Library | Morong College Library | 09/29/2025 | LC149 .Sa126 2024 | URSMOR-CL-30497 | 09/29/2025 | 1 | 09/29/2025 | Filipiniana | |||||
| Library of Congress Classification | Non-fiction | Morong College Library | Morong College Library | 09/29/2025 | LC149 .Sa126 2024 | URSMOR-CL-30498 | 09/29/2025 | 2 | 09/29/2025 | Filipiniana | |||||
| Library of Congress Classification | Non-fiction | Morong College Library | Morong College Library | 09/29/2025 | LC149 .Sa126 2024 | URSMOR-CL-30499 | 09/29/2025 | 3 | 09/29/2025 | Filipiniana |